000 00586nam a2200229Ia 4500
003 OSt
005 20230403103427.0
008 210423s1976 xx 000 0 und d
020 _a716604736
040 _cAL
041 _aeng
082 _a030 WORL
100 _aWorld book year book
_982240
245 _aWorld book year book 1976
260 _aChicago
_bField Enterprises educational corporation
_c1976
300 _avii,628
_bHB
365 _cINR
650 _aEncyclopedic Works
_982241
650 _aGeneral
_982242
906 _a1976. ; World ; year
942 _2ddc
_cBK
999 _c157921
_d157921